Lumière sur l’Ain - Statistiques

Statistiques générales
  • Ce quiz a été pris 21 fois
  • Le résultat moyen est 4 sur 9
Statistiques - réponses
Hint Réponse % Correct
Quelle est la préfecture de l’Ain ? Bourg en Bresse
100%
Comment s’appelle la chaîne de montagnes qui traverse l’est du département ? Jura
90%
Quel célèbre plat de volaille, bénéficiant d’une AOP, est une spécialité de la Bresse ? Poulet de Bresse
80%
Quel cours d’eau marque une frontière naturelle entre l’Ain et le Rhône ? Rhône
55%
Quelle ville de l’Ain est réputée pour sa fête médiévale annuelle et son centre historique ? Pérouges
50%
Quelle autoroute traverse le département du sud au nord et relie Lyon à Mâcon ? A40
40%
Quel monument religieux célèbre se trouve à Brou, dans la commune de Bourg-en-Bresse ? Monastère de Brou
25%
Quel grand étang est caractéristique de la Dombes, une région riche en plans d’eau ? Etang de la Dombes
5%
Quelle structure ferroviaire permet aux TGV de traverser le Jura dans l’Ain ? Viaduc de Cize-Bolozon
0%
Aucun quiz correspondant
Distribution des résultats
% des personnes avec chaque résultat
Percentile par nombre de réponses
Votre historique - résultats
Vous n’avez pas pris ce quiz